| Tag |
First Indicator |
Second Indicator |
Subfields |
| LEADER |
00000cam a2200000 i 4500 |
| 001 |
in00005728014 |
| 005 |
20260319205729.6 |
| 006 |
m o d |
| 007 |
cr cnu---unuuu |
| 008 |
250221s2025 nyuab fob 001 0 eng d |
| 040 |
|
|
|a STBDS
|b eng
|e rda
|e pn
|c STBDS
|d OCLCO
|d UKMGB
|d EBLCP
|d CLOUD
|d YDX
|d N$T
|d UPM
|d UKAHL
|
| 015 |
|
|
|a GBC514104
|2 bnb
|
| 016 |
7 |
|
|a 300515034
|2 Uk
|
| 020 |
|
|
|a 9780197646410
|q electronic book
|
| 020 |
|
|
|a 0197646417
|q electronic book
|
| 020 |
|
|
|a 9780197646403
|q electronic book
|
| 020 |
|
|
|a 0197646409
|q electronic book
|
| 020 |
|
|
|a 0199383545
|q electronic book
|
| 020 |
|
|
|a 9780199383542
|q (electronic bk.)
|
| 020 |
|
|
|z 9780199383535
|q hardcover
|
| 024 |
7 |
|
|a 10.1093/oso/9780199383535.001.0001
|2 doi
|
| 024 |
8 |
|
|a CIPO000200730
|
| 035 |
|
|
|a (OCoLC)1500641000
|
| 043 |
|
|
|a e-gr---
|
| 050 |
|
4 |
|a DF222
|b .O94 2025
|
| 082 |
0 |
4 |
|a 938
|2 23
|
| 049 |
|
|
|a TXAM
|
| 245 |
0 |
4 |
|a The Oxford history of the archaic Greek world.
|n Volume VI,
|p Rhodes to Western Sicily /
|c edited by Paul Cartledge and Paul Christesen.
|
| 246 |
3 |
0 |
|a History of the archaic Greek world
|
| 246 |
3 |
0 |
|a Archaic Greek world
|
| 246 |
3 |
0 |
|a Rhodes to Western Sicily
|
| 264 |
|
1 |
|a New York, NY :
|b Oxford University Press,
|c [2025]
|
| 300 |
|
|
|a 1 online resource :
|b illustrations, maps
|
| 336 |
|
|
|a text
|b txt
|2 rdacontent
|
| 337 |
|
|
|a computer
|b c
|2 rdamedia
|
| 338 |
|
|
|a online resource
|b cr
|2 rdacarrier
|
| 504 |
|
|
|a Includes bibliographical references and index.
|
| 520 |
|
|
|a The ancient Greek world consisted of approximately 1,000 autonomous polities scattered across the Mediterranean basin, and each one developed its own, unique set of socio-political institutions and social practices. The Oxford History of the Archaic Greek World offers twenty-two detailed studies of key sites from across the Greek world between c. 750 and c. 480 BCE--a crucial period when much of what is now seen as distinctive about Greek culture emerged. All the studies in this seven-volume series use the same structure and methodology so that readers can easily compare a wide range of Greek communities. The series thus offers a new and unique resource for the study of ancient Greece that will transform how we study and think about a crucial era in ancient Greek history. Volume VI contains detailed and up-to-date studies of Rhodes, Sicyon, Syracuse, Thebes, and Western Sicily.
|
| 521 |
|
|
|a Specialized.
|
| 588 |
|
|
|a Description based on online resource; title from digital title page (viewed on May 27, 2025).
|
| 651 |
|
0 |
|a Greece
|x Civilization
|y To 146 B.C.
|
| 651 |
|
0 |
|a Greece
|x History
|y To 146 B.C.
|
| 651 |
|
6 |
|a Grèce
|x Civilisation
|y Jusqu'à 146 av. J.-C.
|
| 651 |
|
6 |
|a Grèce
|x Histoire
|y Jusqu'à 146 av. J.-C.
|
| 650 |
|
7 |
|a Ancient & Classical.
|2 bisacsh
|
| 650 |
|
7 |
|a History.
|2 bisacsh
|
| 650 |
|
7 |
|a ART.
|2 bisacsh
|
| 650 |
|
7 |
|a Ancient.
|2 bisacsh
|
| 650 |
|
7 |
|a Greece.
|2 bisacsh
|
| 650 |
|
7 |
|a Archaeology.
|2 bisacsh
|
| 650 |
|
7 |
|a SOCIAL SCIENCE.
|2 bisacsh
|
| 650 |
|
7 |
|a Archaeology.
|2 thema
|
| 650 |
|
7 |
|a History.
|2 ukslc
|
| 655 |
|
7 |
|a Electronic books.
|2 local
|
| 700 |
1 |
|
|a Cartledge, Paul,
|e editor.
|1 https://id.oclc.org/worldcat/entity/E39PBJqQCqdCyHHqM3w8BkK8G3
|
| 700 |
1 |
|
|a Christesen, Paul,
|d 1966-
|e editor.
|1 https://id.oclc.org/worldcat/entity/E39PCjF3G7HHGkWk3gJ86cKBMX
|
| 776 |
0 |
8 |
|i Print version:
|z 9780199383535
|
| 856 |
4 |
0 |
|u http://proxy.library.tamu.edu/login?url=https://academic.oup.com/book/60044
|z Connect to the full text of this electronic book
|t 0
|
| 955 |
|
|
|a Oxford Scholarship Online
|
| 994 |
|
|
|a 92
|b TXA
|
| 999 |
f |
f |
|i aec1516a-50a5-45f1-bd8a-291972d96524
|s a8132619-4b28-4fcb-8e1c-cc4a8573921d
|t 0
|
| 952 |
f |
f |
|a Texas A&M University
|b College Station
|c Electronic Resources
|s www_evans
|d Available Online
|t 0
|e DF222 .O94 2025
|h Library of Congress classification
|
| 998 |
f |
f |
|a DF222 .O94 2025
|t 0
|l Available Online
|